[Event "11th LCC FIDE Open 2019"]
[Site "London"]
[Date "2019.11.30"]
[Round "3.10"]
[White "Blackburn, Jonathan L B"]
[Black "Song, Raymond"]
[Result "0-1"]
[WhiteElo "2240"]
[BlackElo "2468"]
[Annotator "TA"]
[PlyCount "84"]
[EventDate "2019.11.29"]
[EventType "swiss"]
[EventCountry "ENG"]
[SourceTitle "playchess.com"]
[Source "ChessBase"]
[SourceQuality "1"]

{[%evp 9,84,13,12,-27,-19,-31,-13,-43,-34,-39,-47,-43,-33,-51,-51,-50,-59,-60,-62,-68,-66,-72,-68,-73,-68,-78,-70,-60,-66,-67,-69,-70,-54,-142,-79,-70,-31,-28,-28,-35,-29,-46,-45,-50,-28,-31,116,-145,-164,-155,-156,-149,-143,-195,-194,-625,-232,-227,-229,-288,-284,-283,-277,-645,-619,-1367,-1357,-29993,-29994,-29994,-29995,-29995,-29996,-29996,-29997,-29997,-29998]} 1. d4 Nf6 2. c4 e6 3. Nc3 Bb4 4. Nf3 O-O 5. Bg5 c5 6. d5 {E21: Nimzo-Indian: 4 Nf3} (6. Qb3 h6 7. Bh4 Nc6 8. d5 Na5 9. Qc2 Nxc4 10. O-O-O Bxc3 11. Qxc3 b5 12. Bxf6 Qxf6 13. Qxf6 gxf6 {½-½ (31) Yu,Y (2763)-Ding,L (2811) Khanty-Mansiysk 2019}) 6... h6 7. Bd2 d6 8. e3 {The position is equal.} Bxc3 9. Bxc3 exd5 10. cxd5 Nbd7 11. Bc4 $146 ({Predecessor:} 11. a4 Nb6 12. Bxf6 Qxf6 13. a5 {0-1 (49) Maryevsky,M-Volkov,A (2227) ICCF email 2009}) 11... Nb6 12. Ba5 Qe8 13. Bxb6 axb6 {[%cal Ba7b6,Bb6b5][%mdl 32]} 14. Qb3 Qa4 15. O-O Bd7 16. Nd2 Qa5 17. Qd1 b5 18. Be2 Rfe8 ({Wrong is} 18... Nxd5 $2 19. Nb3 $18) 19. Bf3 Bf5 20. Re1 Qb4 21. b3 (21. Qc1 $15) 21... Re5 (21... Ra7 $142 {Hoping for ...Rea8.} 22. Nf1 Bg6) 22. Qc1 $17 Nxd5 23. a3 $1 {[%cal Ra3b4]} Qa5 $1 24. Bxd5 Rxd5 25. b4 cxb4 26. Nb3 Qd8 {aiming for ...Rc8.} 27. e4 $1 {[%cal Re4d5][%mdl 64] [#] Double Attack} Rc8 (27... Bxe4 $1 $15 {[%mdl 512] keeps the upper hand.} 28. Rxe4 bxa3) 28. Qb1 $2 {[%mdl 8192]} (28. Qb2 $16 {is forced if you want to stay better.} bxa3 29. Qxa3 Bxe4 30. Rxe4) 28... Bg6 29. axb4 Qh4 30. g3 Qh3 {Strongly threatening ...Rh5.} 31. Qb2 (31. Ra2 $17) 31... Rd3 $19 32. Rac1 $2 (32. Nd2) 32... Rc4 $2 (32... Rxc1 33. Nxc1 {[#]} Bxe4 $1 {[%mdl 512]}) 33. Nd2 Rcd4 $40 {[%mdl 128] Black wants a kill.} 34. Rc2 Kh7 35. f3 d5 36. Rf1 $2 (36. exd5 Rxd5 37. Re2) 36... dxe4 37. Nxe4 {[#] Nf2 would now be nice for White.} Rxf3 $1 {[%csl Gh3][%cal Rf3f1][%mdl 512]} 38. Nf2 {[#]} (38. Rxf3 Rd1+) 38... Rxg3+ $1 {[%mdl 576] Demolition. Black mates.} 39. hxg3 Qxg3+ 40. Kh1 Rh4+ 41. Nh3 Rxh3+ 42. Rh2 Be4+ {Accuracy: White = 45%, Black = 64%.} 0-1

[Event "11th LCC FIDE Open 2019"]
[Site "London"]
[Date "2019.11.30"]
[Round "3.11"]
[White "Flear, Glenn C"]
[Black "Makkar, Rajat"]
[Result "1/2-1/2"]
[WhiteElo "2463"]
[BlackElo "2125"]
[Annotator "TA"]
[PlyCount "50"]
[EventDate "2019.11.29"]
[EventType "swiss"]
[EventCountry "ENG"]
[SourceTitle "playchess.com"]
[Source "ChessBase"]
[SourceQuality "1"]

{[%evp 14,50,14,14,17,7,23,18,10,12,9,5,12,6,10,3,0,0,2,-5,-3,-26,-26,-31,-20,-35,-40,-33,-8,-39,-2,-43,-2,-31,0,-42,0,-42,0]} 1. d4 d5 2. c4 c6 3. Nc3 Nf6 4. e3 e6 5. Nf3 Nbd7 6. Bd3 dxc4 7. Bxc4 b5 8. Be2 Bd6 {D47: Semi-Slav: Meran System} 9. e4 {[#] e5 is the strong threat.} e5 10. dxe5 Nxe5 {The position is equal.} 11. Nxe5 Bxe5 12. Qxd8+ Kxd8 13. Be3 $146 ({Predecessor:} 13. f3 Kc7 14. Be3 Rd8 15. O-O {½-½ (63) Blagojevic,D (2532)-Petrosian,T (2616) Plovdiv 2008}) 13... Be6 14. f3 Kc7 15. O-O Rhd8 16. Rfd1 (16. Rfc1 {feels hotter.} Kb7 17. Rc2 Bc7 18. b3 Bb6 19. Kf2) 16... Kb7 17. Rxd8 (17. Rdc1 {is interesting.} Rac8 18. Nd1 a5 19. f4 Bc7 20. f5) 17... Rxd8 18. Rc1 a5 {[%cal Ba7a5,Ba5a4][%mdl 32]} 19. g3 a4 20. a3 h6 21. Kf2 g5 22. Rh1 (22. Rd1 $5 {[%cal Rd1d8]} Rxd1 23. Bxd1 $11) 22... Nh5 23. Rc1 Nf6 24. Rh1 Nh5 25. Rc1 Nf6 {Accuracy: White = 43%, Black = 57%.} 1/2-1/2

[Event "11th LCC FIDE Open 2019"]
[Site "London"]
[Date "2019.11.30"]
[Round "3.12"]
[White "Lee, Qing Aun"]
[Black "Arkell, Keith C"]
[Result "0-1"]
[WhiteElo "2228"]
[BlackElo "2445"]
[Annotator "TA"]
[PlyCount "80"]
[EventDate "2019.11.29"]
[EventType "swiss"]
[EventCountry "ENG"]
[SourceTitle "playchess.com"]
[Source "ChessBase"]
[SourceQuality "1"]

{[%evp 13,80,32,26,23,41,32,47,29,43,20,48,41,41,39,70,26,48,49,42,0,0,0,0,-33,-10,-12,-13,-17,85,93,118,51,47,47,39,0,89,7,31,30,16,-6,-6,-4,0,0,0,0,13,-73,-72,-80,-69,-80,-13,-13,-14,-540,-544,-547,-521,-540,-520,-1288,-1202,-1191,-1140,-1138,-1120]} 1. e4 e6 2. d4 d5 3. Nd2 c5 4. exd5 Qxd5 5. Ngf3 cxd4 6. Bc4 Qc5 7. O-O Nc6 8. Qe2 {C07: French Tarrasch: 3...c5, 4 Ngf3 and 4 exd5 Qxd5} Nf6 (8... Qb6 9. Nb3 Be7 10. Rd1 Bf6 11. Qe4 Nge7 12. Nbxd4 a6 13. c3 O-O 14. Nxc6 Qxc6 15. Bd3 g6 {0-1 (39) Balogh,C (2616)-Drozdovskij,Y (2587) Beijing 2008}) 9. Nb3 {[%mdl 1024] White has compensation.} Qb6 10. Bf4 {White is slightly better.} Be7 11. a4 $146 {[%cal Ba2a4,Ba4a5][%mdl 32]} ({Predecessor:} 11. Rad1 O-O 12. Nfxd4 Nxd4 13. Rxd4 a5 14. c3 a4 15. Nc1 {0-1 (44) Kaplan,M (1815)-Kubala,K (1955) Brno 2015}) 11... O-O 12. a5 Qd8 13. Rfd1 {[%cal Rb3d4]} Nd5 14. Bxd5 Qxd5 15. Nfxd4 Nxd4 16. Rxd4 Qc6 $1 17. Qd3 b5 18. Rd1 Bb7 {[%csl Gb7][%cal Rc6g2]} 19. f3 Bf6 20. Rd7 Rac8 (20... h6 $11) 21. Be3 $16 Ba8 {[#]} 22. Bc5 ({Of course not} 22. Rxa7 $6 Qxc2 23. Qxc2 Rxc2 $11) (22. Nc5 $1 $16) 22... Rfe8 $14 23. c3 a6 24. Rd6 Qc7 (24... Qb7 $1 $11 {keeps the balance.}) 25. Bb6 (25. Rxa6 $16 {Black should prevent Ra7.} Bd5 26. Bb6) 25... Qc4 $11 26. Qxc4 bxc4 27. Nc1 Bc6 28. Na2 Be7 29. R6d4 Bb5 30. Nb4 g5 31. Kf1 (31. Re1 $11 {remains equal.}) 31... Bxb4 32. cxb4 c3+ 33. Kf2 {[#]} cxb2 (33... e5 $1 $17 {[%cal Re5d4]} 34. Rd6 Ba4) 34. Bc5 Kg7 $36 {[%mdl 2048] aiming for ...e5. Black is more active.} 35. R4d2 $2 {[%mdl 8192] [#]} (35. Rb1 $11) 35... Red8 $1 $19 {[%mdl 512] Black is clearly winning.} 36. Rxd8 Rxd8 37. Rb1 Rd2+ 38. Ke1 (38. Ke3 $142 Re2+ 39. Kd4) 38... Re2+ 39. Kd1 e5 40. Bd6 f6 {Accuracy: White = 43%, Black = 46%.} 0-1

[Event "11th LCC FIDE Open 2019"]
[Site "London"]
[Date "2019.11.30"]
[Round "3.13"]
[White "Pert, Richard G"]
[Black "Pollack, Oscar"]
[Result "1-0"]
[WhiteElo "2436"]
[BlackElo "2112"]
[Annotator "TA"]
[PlyCount "73"]
[EventDate "2019.11.29"]
[EventType "swiss"]
[EventCountry "ENG"]
[SourceTitle "playchess.com"]
[Source "ChessBase"]
[SourceQuality "1"]

{[%evp 9,73,11,27,7,18,18,20,0,1,0,0,-6,8,2,6,-12,8,2,33,20,48,46,118,122,118,118,129,132,168,160,153,143,235,201,226,232,314,292,550,538,518,533,578,579,574,573,570,565,605,529,777,772,767,726,844,836,830,822,1263,1263,1234,1223,978,972,937,868]} 1. d4 e6 2. Nf3 Nf6 3. Bg5 b6 4. e4 h6 5. Bxf6 Qxf6 6. e5 {A46: 1 d4 Nf6 2 Nf3 e6: Torre, London and Colle Systems} (6. c3 Bb7 7. Nbd2 d6 8. Bb5+ c6 9. Bd3 Nd7 10. O-O e5 11. a4 a6 12. Nc4 g5 13. Re1 g4 {1-0 (36) Kramnik,V (2809)-Hou,Y (2651) Medias 2016}) 6... Qd8 7. Bd3 Bb7 8. Nbd2 {[%cal Bb1d2,Bd2f1,Bf1g3,Bg3h5][%mdl 32] The position is equal.} d5 9. c3 c5 10. a3 $146 ({Predecessor:} 10. O-O Nc6 11. a3 Be7 12. Re1 Qc7 13. b4 c4 {1-0 (51) Giretti Kanev,J (2208)-Bozzali,E (2099) Novi Ligure 2006}) 10... c4 11. Bc2 $36 {[%mdl 2048] White has some pressure.} Nc6 12. Nf1 b5 13. Ng3 Qc7 14. Qe2 O-O-O 15. O-O g5 (15... Be7 $14) 16. Nh5 $16 Be7 17. h3 Kb8 18. Nh2 f5 19. exf6 Bd6 20. Nf3 e5 (20... Qf7 $16) 21. dxe5 $18 Nxe5 22. Nd4 Qf7 23. Nxb5 Rhe8 $2 {[#]} (23... Nd3 24. Qg4 (24. Bxd3 cxd3 25. Nxd6 Qxf6 $18) 24... Nf4) 24. Nxd6 {White is clearly winning.} Rxd6 25. Ng7 Rxf6 26. Nxe8 Qxe8 27. Rae1 Re6 28. Qd1 h5 29. f3 g4 30. fxg4 hxg4 31. hxg4 Ka8 32. Bf5 Re7 33. Re3 Nd3 34. Rxe7 Qxe7 35. Bxd3 Qe3+ 36. Rf2 cxd3 37. Qf3 {Accuracy: White = 77%, Black = 21%.} 1-0

[Event "11th LCC FIDE Open 2019"]
[Site "London"]
[Date "2019.11.30"]
[Round "3.14"]
[White "Walker, Martin G"]
[Black "Cherniaev, Alexander"]
[Result "0-1"]
[WhiteElo "2162"]
[BlackElo "2428"]
[Annotator "TA"]
[PlyCount "82"]
[EventDate "2019.11.29"]
[EventType "swiss"]
[EventCountry "ENG"]
[SourceTitle "playchess.com"]
[Source "ChessBase"]
[SourceQuality "1"]

{[%evp 14,82,40,0,19,22,27,0,0,-4,4,16,15,-49,-29,-34,-18,-67,-66,-51,-19,-26,-21,-24,7,4,3,-58,-57,-53,-25,-35,-15,-64,-60,-133,-133,-179,-188,-185,-172,-200,-164,-165,-177,-258,-256,-256,-262,-275,-272,-284,-282,-298,-299,-286,-273,-442,-466,-462,-456,-460,-450,-824,-816,-852,-832,-800,-749,-697,-685]} 1. e4 g6 2. d4 Bg7 3. Nf3 d6 4. c3 Nf6 5. Bd3 O-O 6. O-O Nbd7 7. h3 e5 8. Be3 b6 {B07: Pirc Defence: Miscellaneous Systems} 9. Nbd2 Bb7 10. d5 (10. Re1 h6 11. Qc2 Re8 12. Rad1 a6 13. a3 Qe7 14. d5 c6 15. dxc6 Bxc6 16. c4 {0-1 (45) Borisenko,V (2284)-Onischuk,V (2614) Lutsk 2016}) 10... c6 {The position is equal.} 11. c4 Nc5 $146 ({Predecessor:} 11... Rc8 12. Rc1 Ba6 {0-1 (51) Garcia del Prado,B (1680)-Ruault,N (1540) Tournefeuille 2008}) 12. Bc2 cxd5 13. exd5 ({White should try} 13. cxd5 $11 a5 14. Re1) 13... a5 14. Re1 Nfd7 15. Ne4 Nxe4 16. Bxe4 Nc5 17. Bc2 Ba6 18. b3 h6 19. Qd2 Kh7 20. b4 (20. Rad1 $11) 20... axb4 $15 21. Qxb4 Qc7 22. Rab1 Rfb8 23. a4 Bc8 24. g3 ({Better is} 24. h4 $15) 24... Bxh3 $17 25. Nh4 Bd7 26. Ra1 Qc8 27. Kg2 Bh3+ 28. Kh2 Kg8 29. Bxc5 (29. Qd2 $142) 29... bxc5 $19 ({Weaker is} 29... dxc5 30. Qb3 $17) 30. Qd2 Bd7 31. a5 Rb4 32. Qe2 Qd8 33. a6 Bc8 34. a7 Rb7 35. f4 $2 {[#]} (35. Reb1 {was necessary.} Rbxa7 36. Rxa7 Rxa7 37. Kg1) 35... exf4 {Black is clearly winning.} 36. Qe8+ Qxe8 37. Rxe8+ Kh7 38. Bxg6+ (38. Rae1 $142) 38... fxg6 39. Rxc8 Rxc8 40. a8=Q Rxa8 41. Rxa8 Rb2+ {Accuracy: White = 33%, Black = 65%.} 0-1

[Event "11th LCC FIDE Open 2019"]
[Site "London"]
[Date "2019.11.30"]
[Round "3.15"]
[White "Maze, Sebastien"]
[Black "Balaji, Aaravamudhan"]
[Result "1-0"]
[WhiteElo "2541"]
[BlackElo "2080"]
[Annotator "TA"]
[PlyCount "51"]
[EventDate "2019.11.29"]
[EventType "swiss"]
[EventCountry "ENG"]
[SourceTitle "playchess.com"]
[Source "ChessBase"]
[SourceQuality "1"]

{[%evp 11,51,17,22,7,9,3,16,10,14,15,0,0,0,0,0,0,0,0,0,0,6,0,12,14,33,39,26,27,58,42,68,52,45,43,47,50,151,161,302,323,676,660]} 1. e4 e5 2. Nf3 Nc6 3. Bb5 a6 4. Ba4 Nf6 5. Nc3 b5 6. Bb3 Bc5 7. a4 {C77: Ruy Lopez: 3...a6 4 Ba4 Nf6, unusual lines} Rb8 8. axb5 axb5 9. d3 {The position is equal.} O-O 10. O-O h6 11. Nd5 d6 12. c3 Nxd5 13. exd5 Ne7 14. d4 exd4 15. Nxd4 Bb7 16. Qd3 {[#]} Nxd5 $146 ({Predecessor:} 16... Bxd4 17. Qxd4 Qd7 18. Bf4 Ra8 19. h3 Rfe8 20. Rxa8 {½-½ (20) Milos,G (2606)-Kamsky,G (2700) Buenos Aires 2005}) 17. Bxh6 gxh6 (17... Bxd4 $5 18. Qxd4 Qf6 $11) 18. Bxd5 Bxd5 19. Nf5 $36 {[%mdl 2048] [#] White is pushing.} Qg5 $1 {[%csl Gd5][%cal Rg5g2]} 20. Qxd5 Rbe8 {And now ...Re5 would win.} 21. h4 Qf6 {Hoping for ...Re5.} 22. Rae1 {[%cal Ba1e1,Be1e4,Be4f4][%mdl 32]} Re6 23. Re4 Rfe8 {[#]} (23... c6 $14 24. Rg4+ Kh8) 24. Rf4 $1 $16 Re2 (24... h5 $142 25. b4 Bb6) 25. b4 $18 R8e5 $2 (25... Bb6 26. Qf3 (26. Qxb5 R2e4 $16) 26... Re1) 26. Qf3 {Accuracy: White = 68%, Black = 42%.} 1-0

[Event "11th LCC FIDE Open 2019"]
[Site "London"]
[Date "2019.11.30"]
[Round "3.16"]
[White "Russell, Christopher"]
[Black "Hebden, Mark L"]
[Result "0-1"]
[WhiteElo "2190"]
[BlackElo "2436"]
[Annotator "TA"]
[PlyCount "110"]
[EventDate "2019.11.29"]
[EventType "swiss"]
[EventCountry "ENG"]
[SourceTitle "playchess.com"]
[Source "ChessBase"]
[SourceQuality "1"]

{[%evp 13,110,25,34,35,29,28,29,29,43,40,40,15,47,39,49,58,39,46,48,46,50,38,56,16,16,22,12,12,20,15,11,22,20,10,36,0,0,0,0,-21,-29,-97,-87,-72,-83,-53,-84,-58,-58,-90,-27,-138,-131,-175,-168,-169,-134,-146,-142,-114,-135,-114,-28,-42,-26,-71,-78,-304,-262,-636,-593,-637,-621,-2261,-2165,-1801,-1549,-12839,-12839,-12840,-12840,-12841,-12841,-12841,-12842,-12842,-12843,-12843,-12843,-12844,-12844,-12845,-12844,-12845,-12845,-12846,-12847,-12850,-12847]} 1. e4 e5 2. Nf3 Nc6 3. Bc4 Nf6 4. d3 Be7 5. O-O O-O 6. Re1 d6 7. a4 Na5 8. Ba2 {C55: Two Knights: 4 d3, 4 d4 exd4 5 e5 and Max Lange Attack} c5 9. c3 (9. Bd2 Nc6 10. h3 Be6 11. Na3 Bxa2 12. Rxa2 d5 13. exd5 Qxd5 14. Ra1 Rfe8 15. Nb5 Bd8 {0-1 (76) Mamedov,R (2667)-Yu,Y (2784) Hengshui 2019}) 9... Nc6 10. Na3 {White has an edge.} Be6 11. Bxe6 fxe6 12. Nc4 Rc8 13. Bd2 {[#]} Nd7 $146 ({Predecessor:} 13... Qd7 14. b4 cxb4 15. cxb4 Bd8 {0-1 (34) Biti,O (2337)-Pavasovic,D (2564) Slovenia 2015}) 14. Rb1 Qe8 15. b4 cxb4 16. cxb4 Qf7 17. Rf1 b6 18. b5 Nd4 19. Nxd4 exd4 20. Bb4 d5 $1 {[%cal Rd5c4]} 21. Nd6 Bxd6 $1 22. Bxd6 Rfd8 23. exd5 exd5 24. Rc1 Qg6 {Hoping for ...Rxc1.} 25. Bc7 Re8 26. Qf3 Nc5 $36 {[%mdl 2048] Black is pushing.} 27. Qxd5+ (27. Bg3 $1 $11 {keeps the balance.}) 27... Qf7 $17 28. Qxf7+ Kxf7 29. Bg3 Nxd3 30. Rcd1 Rc3 31. Rd2 Rd8 ({Black should try} 31... Nc1 $17 {aiming for ...d3.} 32. f3 Nb3) 32. f3 (32. Rfd1 $11 {was the only way to keep the balance.} Nc5 33. Be5) 32... Nc5 33. Be5 {[#]} Rc4 $1 ({Worse is} 33... Nxa4 34. Bxd4 Rc4 35. Rfd1 $11) 34. Rfd1 {[%cal Rd2d4]} d3 ({Resist} 34... Rxa4 35. Rxd4 Raxd4 36. Rxd4 $15) 35. a5 bxa5 36. Bc7 Rd7 37. Bxa5 {[#]} Rb7 (37... Nb3 $1 $17 {[%cal Rb3d2]} 38. Rxd3 Rxd3 39. Rxd3 Nxa5 40. Rd7+ Kg6 41. Rxa7 Nb3 42. Ra6+ Kg5) 38. Rb1 Ke6 39. Kf2 Kd5 40. b6 $2 (40. Rdd1 $17) 40... Rc2 $19 41. bxa7 $2 (41. Rb2 Rxd2+ 42. Bxd2) 41... Rxa7 {Black is clearly winning.} 42. Bb4 Kc4 43. Rb2 Rxb2 44. Rxb2 {[%mdl 4096] Endgame KRB-KRN} Rb7 45. Ba3 Rxb2+ 46. Bxb2 {KB-KN} Kb3 47. Bc1 Kc2 48. Be3 d2 49. Bxd2 Kxd2 {KN-K3P} 50. f4 Kd3 51. Kf3 Kd4 52. h4 Nb7 53. h5 h6 54. g4 Nd6 55. g5 Nf5 {Accuracy: White = 47%, Black = 67%.} 0-1

[Event "11th LCC FIDE Open 2019"]
[Site "London"]
[Date "2019.11.30"]
[Round "3.17"]
[White "Kirk, Ezra"]
[Black "Smith, Andrew Philip"]
[Result "1-0"]
[WhiteElo "2433"]
[BlackElo "2172"]
[Annotator "TA"]
[PlyCount "68"]
[EventDate "2019.11.29"]
[EventType "swiss"]
[EventCountry "ENG"]
[SourceTitle "playchess.com"]
[Source "ChessBase"]
[SourceQuality "1"]

{[%evp 16,68,36,27,136,137,133,129,136,143,158,165,166,145,171,137,118,104,112,121,174,152,179,179,179,187,183,183,185,190,198,208,220,155,138,144,149,144,275,275,426,414,356,272,493,457,859,814,723,302,295,295,281,281,284]} 1. e4 c5 2. Nf3 Nc6 3. Bb5 g6 4. O-O Bg7 5. c3 e5 6. d4 cxd4 7. cxd4 exd4 8. Bf4 Nge7 9. Bd6 {[%mdl 1024] White has compensation.} Qb6 {B31: Sicilian: 2...Nc6 3 Bb5 g6} (9... a6 $11 {remains equal.} 10. Bd3 b6) (9... O-O 10. Nbd2 a6 11. Bc4 b5 12. Bd5 Bb7 13. Nb3 Nxd5 14. Bxf8 Qxf8 15. exd5 Nb4 16. Nbxd4 Bxd5 17. a3 Nc6 18. Rc1 Re8 19. b3 Qd6 {0-1 (39) Santos Latasa,J (2594)-Maghsoodloo,P (2656) Leon 2019}) 10. Na3 a6 11. Bd3 Qd8 $146 {White is better.} ({Predecessor:} 11... O-O 12. Nc4 Qd8 13. a4 Re8 14. a5 b5 15. axb6 Bb7 16. Bc7 {1-0 (16) Kerner,M (2034)-Gokhvat,P (2255) Jerusalem 2014}) 12. b4 $1 b5 {[#]} 13. Bxb5 $1 {[%mdl 512]} Bb7 (13... axb5 14. Nxb5) 14. Bd3 O-O 15. Nc4 Re8 16. a4 {[%cal Ba2a4,Ba4b5][%mdl 32]} Nc8 17. e5 Bf8 (17... Nxd6 $16 18. Nxd6 Rb8) 18. Bxf8 $18 Kxf8 19. Qd2 Kg7 20. b5 axb5 21. axb5 Rxa1 22. Rxa1 N6e7 23. Nxd4 Nd5 24. Be4 {Hoping for Ra3.} Ndb6 25. Bxb7 Nxc4 {[#]} 26. Qc3 $1 $36 {[%cal Rc3c4][%mdl 2048] White is on the roll.} N4b6 (26... N8b6 $16 27. e6 Qf6) 27. e6 {White threatens Nf5+! and mate.} f6 (27... Kg8 {was worth a try.} 28. exf7+ Kxf7) 28. exd7 Nxd7 29. h4 Nd6 $2 (29... Ncb6 {might work better.} 30. Bc6 Re7) 30. Bd5 Nf8 (30... Ne4 $142 31. Qc6 Nec5) 31. Ra7+ Kh8 32. Nc6 (32. Qc6 $142) 32... Nxb5 {White must now prevent ...Qd6.White has a decisive advantage.} 33. Nxd8 {[%cal Rc3f6]} Nxc3 34. Nf7+ Kg8 {Accuracy: White = 74%, Black = 47%.} 1-0

[Event "11th LCC FIDE Open 2019"]
[Site "London"]
[Date "2019.11.30"]
[Round "3.18"]
[White "McDonald, Neil"]
[Black "Sedykh, Mikhail"]
[Result "1-0"]
[WhiteElo "2412"]
[BlackElo "2134"]
[Annotator "TA"]
[PlyCount "142"]
[EventDate "2019.11.29"]
[EventType "swiss"]
[EventCountry "ENG"]
[SourceTitle "playchess.com"]
[Source "ChessBase"]
[SourceQuality "1"]

{[%evp 23,142,12,11,6,18,11,4,-6,28,25,20,8,40,33,75,77,56,56,114,110,112,111,109,95,105,75,122,112,107,99,102,70,105,105,125,126,158,86,99,53,93,0,163,164,221,226,370,369,377,335,324,185,346,305,335,329,587,597,583,593,595,571,561,587,1270,1530,1358,1361,1446,1411,537,556,556,541,547,539,546,539,429,446,1144,743,976,1200,1143,1104,1056,933,718,291,1356,1427,1489,1385,1070,611,5643,5640,5193,3893,2066,1909,8039,6366,29966,29967,29969,29970,29965,29962,6440,6221,29972,29973,29977,29978,29982,29979,29984,29985,29989]} 1. e4 c5 2. Nf3 Nc6 3. d4 cxd4 4. Nxd4 Nf6 5. Nc3 e5 6. Ndb5 d6 7. Bg5 a6 8. Na3 b5 9. Nd5 Be7 10. Bxf6 Bxf6 11. c4 b4 12. Nc2 a5 13. g3 {B33: Sicilian: Pelikan and Sveshnikov Variations} Bg5 14. Bg2 O-O 15. O-O {The position is equal.} Be6 (15... Ne7 16. Nce3 Bxe3 17. Nxe3 Be6 18. b3 Ra7 19. Qd3 {½-½ (52) Nepomniachtchi,I (2776)-Yu,Y (2763) Khanty-Mansiysk 2019}) 16. Qd3 Rc8 17. b3 Kh8 $146 ({Predecessor:} 17... Ne7 18. Nxe7+ Qxe7 19. Rad1 {½-½ (44) Vlasak,L (2352)-Klima,L (2318) Czech Republic 2016}) 18. Rad1 f5 19. exf5 Bxf5 20. Be4 Bh3 ({Black should play} 20... Bxe4 $14 21. Qxe4 Qe8) 21. Bxh7 $16 Bxf1 22. Rxf1 Ne7 23. Be4 Nxd5 24. Bxd5 Qf6 25. Be4 {[%mdl 1024] White has strong compensation.} Qe6 26. Ne1 Bd8 27. Ng2 Bg5 28. Qe2 g6 29. h4 $1 {[%cal Rh4g5]} Bd8 30. Kh2 (30. Ne3 $142) 30... Kg7 31. f4 Rc7 {[#]} 32. Qd3 (32. f5 $1 $16 {[%cal Rf5e6][%mdl 512]} gxf5 {[#]} 33. Bxf5 $1 {[%mdl 512]}) 32... exf4 $2 (32... Re7 $11) 33. Nxf4 $18 {[%mdl 64] Double Attack} Qe5 (33... Rxf4 $142 34. Rxf4 Re7) 34. Bxg6 Rh8 (34... d5 $142 35. Bh5 Rf6) 35. Bh5 {Threatening mate with Qg6+.} Rh6 36. Qf3 Kh7 37. Rf2 (37. Bg6+ $142 Rxg6 38. Qd3 {[%mdl 64] Pin} (38. Nxg6 Kxg6 39. Qg4+ Kh6 $11)) 37... Rg7 $2 (37... Re7 38. c5 Rf6) 38. Qd3+ Kh8 {Threatens to win with ...Bxh4!} 39. Re2 Qc3 $2 (39... Qf6 {was worth a try.} 40. Re6 Qb2+ 41. Kh3 Rxe6 42. Nxe6 Qc3 43. Qxd6 Be7) 40. Re8+ {[%mdl 64] Double Attack} Rg8 41. Rxg8+ Kxg8 42. Qd5+ Kh8 43. Qf7 Qf6 {White should prevent ...Qxf7.} 44. Ng6+ Rxg6 45. Bxg6 {[%csl Gg6][%cal Rf7h7]} ({Not} 45. Qxg6 Qf2+ 46. Kh3 Qf1+ 47. Kg4 Qe2+ 48. Kf4 Qe5+ 49. Kf3 Qf6+ 50. Kg4 Qg7 $18) 45... Qxf7 46. Bxf7 {[%mdl 4096] Endgame KB-KB} Kg7 47. Be8 Bf6 48. Kh3 Bc3 49. Kg4 Be1 50. h5 Bf2 51. Kf4 Be1 (51... Kf6 $142 52. h6 Be1) 52. g4 Bd2+ 53. Kf5 Kh6 54. Ke6 Bf4 55. Kd5 Kg5 56. Kc6 Be5 $2 (56... Kxg4 57. h6 Bxh6 58. Kxd6 Bf4+ 59. Kc6 Kf5) 57. Bd7 Bf4 58. Kb5 Be3 59. Kxa5 Bc5 60. Bf5 Kh6 61. Ka4 Kg5 62. Bb1 Kh6 {[#]} 63. a3 $1 bxa3 64. b4 Be3 65. Kxa3 Kg5 66. Bf5 Kf6 67. Ka4 Ke5 68. Kb5 {White mates.} Bd2 69. c5 d5 70. Kc6 Bxb4 71. h6 Be1 {Accuracy: White = 81%, Black = 29%.} 1-0